Statistics for Quotes from Historical Figures #1

Click here to take the quiz!

General Stats

  • This quiz has been taken 76,825 times
    (64,454 since last reset)
  • The average score is 11 of 21

Answer Stats

PersonQuote% Correct
Julius CaesarI came, I saw, I {conquered}
91%
Marie AntoinetteLet them eat {cake}
87%
Friedrich NietzscheWhat does not kill me makes me {stronger}
85%
Mohandas GandhiAn eye for an eye will make the whole world {blind}
80%
Thomas GrayIgnorance is {bliss}
79%
George SantayanaThose who cannot remember the past are condemned to {repeat} it
76%
LaoziA journey of a thousand miles starts with a {single} {step}
69%
Oscar WildeA cynic knows the price of everything and the {value} of nothing
63%
Albert EinsteinThe definition of {insanity} is doing the same thing over and over and
expecting different results
59%
Thomas EdisonGenius is one percent inspiration, ninety-nine percent {perspiration}
52%
VoltaireIf God did not exist, it would be necessary to {invent} him
52%
Karl MarxReligion is the {opiate} of the masses
50%
Isaac NewtonIf I have seen further it is only by standing on the shoulders of {giants}
48%
Winston ChurchillIt is a riddle wrapped in a mystery inside an {enigma}
48%
Al CaponeYou can get much farther with a kind word and a {gun} than you can
with a kind word alone
47%
Alexander PopeTo err is human, to {forgive} divine
37%
Jean-Paul SartreHell is {other} people
35%
George PattonLead, follow, or get {out} {of} {the} {way}!
32%
Mark TwainThere are three kinds of lies: lies, damned lies, and {statistics}
23%
Eleanor RooseveltNo one can make you feel {inferior} without your consent
20%
VoltaireA {witty} saying proves nothing
10%

Score Distribution

Percentile by Number Answered

Percent of People with Each Score

Your Score History

You have not taken this quiz since the last reset